| 000 | 01278nam a2200241Ia 4500 | ||
|---|---|---|---|
| 003 | Ost | ||
| 005 | 20260507075337.0 | ||
| 008 | 260507s9999||||xx |||||||||||||| ||und|| | ||
| 020 | _a41633399579 | ||
| 040 | _cfsecg | ||
| 041 | _aara | ||
| 082 | _a330 | ||
| 100 |
_aالنعيمي، محمد عبد العال _eمؤلف |
||
| 245 | 0 |
_aطرق و مناهج البحث العلمي / _c محمد عبد العال النعيمي |
|
| 260 |
_aعمان: _bمؤسسة الوراق, _c2009 |
||
| 300 |
_a485 صفحة؛ _bإيضاحات ؛ _c25 سم |
||
| 520 | _aالعلم و البحث العلمي و العناصر الأساسية لخطة البحث و مكونات التقرير النهائي، العينات و اختيار الفرضيات و تطوير ادوات البحث و تصميم التجارب في البحث العلمي و أنواع البحث العلمي و منهج البحث التاريخي و توثيق مصادر المعلومات و كيفية كتابة تقرير البث مع وجود نماذج خط رسائل ماجستير | ||
| 653 | _aالبحث العلمي | ||
| 653 | _aالبحوث | ||
| 653 | _aطرق البحث | ||
| 700 |
_aالبيتاني، توفيق عبد الجبار _eمؤلف ثانوي |
||
| 942 | _cكتاب | ||
| 999 |
_c44059 _d44059 |
||